|
|
|
|
| LEADER |
00000nab a2200000 a 4500 |
| 001 |
vtls000495353 |
| 003 |
SK-MaSNL |
| 005 |
20260304081733.0 |
| 008 |
250424c1993 xo 0 slo |
| 015 |
|
|
|a SNBRB19rr/mm-uuuuu
|
| 035 |
|
|
|a CL0495491
|
| 035 |
|
|
|a urn:nbn:sk:snk-abc7n
|
| 035 |
|
|
|a (urnnbn)urn:nbn:sk:snk:ar-005a9r
|
| 035 |
|
|
|a (uuid)d166adc4-32bb-44a0-b1a4-41bc47773ba7
|
| 040 |
|
|
|a SNKBUCL
|b slo
|c SNKBUCL
|e AACR2
|
| 041 |
0 |
|
|a slo
|
| 044 |
|
|
|a xo
|c SK
|
| 080 |
|
|
|a 630 56:630 245
|2 1981
|
| 080 |
|
|
|a 630 245
|2 1981
|
| 100 |
1 |
|
|a Štefančík, Ladislav
|4 aut
|9 726130
|
| 245 |
1 |
0 |
|a Spoločenský presun stromov vo vychovávaných a nevychovávaných nezmiešaných bučinách
|c Ladislav Štefančík
|
| 300 |
|
|
|b Obr. 3, tab. 3, res. angl., slov., lit. 8 zázn. v angl., češ., nem., slov.
|
| 650 |
0 |
7 |
|a lesy
|2 snkbucl
|9 1437
|
| 650 |
0 |
7 |
|a bukové porasty
|2 snkbucl
|9 78544
|
| 650 |
0 |
7 |
|a stromy
|2 snkbucl
|9 16185
|
| 655 |
|
7 |
|a články z novín a časopisov
|2 snkbucl
|9 267496
|
| 773 |
0 |
|
|t Lesnícky časopis
|g Roč. 39, č. 4 (1993), s. 293-302
|x 0323-1046
|
| 850 |
|
|
|a Slovenská národná knižnica
|
| 852 |
|
|
|a Slovenská národná knižnica
|
| 954 |
|
|
|a odborná, vedecká literatúra pôvodná (slovenská)
|2 lita
|
| 958 |
|
|
|a article2022
|
| 958 |
|
|
|a OND
|
| 958 |
|
|
|a NB
|
| 958 |
|
|
|a RK
|
| 958 |
|
|
|a EUIPO
|
| 992 |
|
|
|a RBX
|
| 999 |
|
|
|c 2792001
|d 2793931
|